000 00278nam a2200109Ia 4500
001 1276103
005 20260417160441.0
008 260417s9999 xx 000 0 und d
020 _a9786256698574
245 0 _aBen Neden Bu Kadar Böyle
_cGüray Süngü
260 _bKetebe Genç
999 _c1276103
_d1276103